01086nam a22003017a 4500003000800000005001700008008004100025020001500066040001800081041000800099082001700107100002600124245014800150260004400298300002000342505003800362505002700400505003400427650004400461650003000505653002900535653001400564653001900578653002800597942000800625999001700633952013400650IBSLLIB20260515071010.0260515b |||||||| |||| 00| 0 eng d a0931803055 aIBSLLIB beng hEng a973.9 bAND  aAndersen , Alfred F.  aChallenging Newt Gingrich Chapter by Chapter :bAn In-Depth Analysis Of America's Options at its Economics, Political, and Military Crossroads  aOregon : bTom Paine Institute , c1919 a238 p ; c24 cm aHow Gingrich would renew america  aContract with America  aHow to Assure justice for All aHistory geography auxiliary discipline  aHistory of North America  aPolitics and Government  aEconomic  aSocial Policy  aConstitutional history  cLBK c22144d22144 001040708LENaIBSLLIBbIBSLLIBcLENd2026-04-30eDonation i10848l0o973.9 AND p10848r2026-05-15 07:10:36w2026-05-15yLBK